000 00454nam a22001697a 4500
003 CEME
005 20210628203337.0
008 210305b xxu||||| |||| 00| 0 eng d
020 _a0-333-21231-2
040 _c.
082 _a808.84 DRA
245 _aThe mill on the floss and silas marner, george eliot
260 _aMACMILLAN PRESS
_bDRAPER, R.P
_c1977
300 _a260P
650 _aENGLISH LITERATURE-CRITICAL ESSAYS
_923462
942 _cBK
_2ddc
999 _c573232
_d573232